Statistics for business and economics / (Record no. 50086)
[ view plain ]
| 000 -LEADER | |
|---|---|
| fixed length control field | 00905cam a2200289 a 4500 |
| 001 - CONTROL NUMBER | |
| control field | 12624233 |
| 003 - CONTROL NUMBER IDENTIFIER | |
| control field | 0 |
| 005 - DATE AND TIME OF LATEST TRANSACTION | |
| control field | 20170421120802.0 |
| 008 - FIXED-LENGTH DATA ELEMENTS--GENERAL INFORMATION | |
| fixed length control field | 011218s2003 njua b 001 0 eng |
| 010 ## - LIBRARY OF CONGRESS CONTROL NUMBER | |
| LC control number | 2001059331 |
| 020 ## - INTERNATIONAL STANDARD BOOK NUMBER | |
| International Standard Book Number | 0130293202 |
| 020 ## - INTERNATIONAL STANDARD BOOK NUMBER | |
| International Standard Book Number | 9780130293206 |
| 040 ## - CATALOGING SOURCE | |
| Transcribing agency | SPU |
| 050 00 - LIBRARY OF CONGRESS CALL NUMBER | |
| Classification number | HF1017 |
| Item number | .N48 2003 |
| 100 1# - MAIN ENTRY--PERSONAL NAME | |
| Personal name | Newbold, Paul. |
| 245 10 - TITLE STATEMENT | |
| Title | Statistics for business and economics / |
| Statement of responsibility, etc | Paul Newbold, William L. Carlson, Betty M. Thorne. |
| 250 ## - EDITION STATEMENT | |
| Edition statement | 5th ed. |
| 260 ## - PUBLICATION, DISTRIBUTION, ETC. (IMPRINT) | |
| Place of publication, distribution, etc | Upper Saddle River, N.J. : |
| Name of publisher, distributor, etc | Prentice Hall, |
| Date of publication, distribution, etc | c2003. |
| 300 ## - PHYSICAL DESCRIPTION | |
| Extent | 1 v. (various pagings) : |
| Other physical details | ill. (some col.) ; |
| Dimensions | 26 cm. + |
| 504 ## - BIBLIOGRAPHY, ETC. NOTE | |
| Bibliography, etc | Includes bibliographical references and index. |
| 650 #0 - SUBJECT ADDED ENTRY--TOPICAL TERM | |
| Topical term or geographic name as entry element | Commercial statistics. |
| 650 #0 - SUBJECT ADDED ENTRY--TOPICAL TERM | |
| Topical term or geographic name as entry element | Economics |
| General subdivision | Statistical methods. |
| 650 #0 - SUBJECT ADDED ENTRY--TOPICAL TERM | |
| Topical term or geographic name as entry element | Statistics. |
| 700 1# - ADDED ENTRY--PERSONAL NAME | |
| Personal name | Carlson, William L. |
| Fuller form of name | (William Lee), |
| Dates associated with a name | 1938- |
| 700 1# - ADDED ENTRY--PERSONAL NAME | |
| Personal name | Thorne, Betty. |
| 942 ## - ADDED ENTRY ELEMENTS (KOHA) | |
| Source of classification or shelving scheme | Library of Congress Classification |
| Koha item type | Book |
| Withdrawn status | Lost status | Source of classification or shelving scheme | Damaged status | Not for loan | Collection code | Home library | Current library | Shelving location | Date acquired | Source of acquisition | Cost, normal purchase price | Full call number | Barcode | Copy number | Price effective from | Koha item type |
|---|---|---|---|---|---|---|---|---|---|---|---|---|---|---|---|---|
| Library of Congress Classification | Non-fiction | Nairobi Campus | Nairobi Campus | General Circulation | 21/04/2017 | Donation-BFA | 2890.00 | HF1017 .N48 2003 | 052815 | 1 | 21/04/2017 | Book |